Songs from the Seoul : (Record no. 9311)
[ view plain ]
| 000 -LEADER | |
|---|---|
| fixed length control field | 01280nam a22002657a 4500 |
| 001 - CONTROL NUMBER | |
| control field | 9311 |
| 003 - CONTROL NUMBER IDENTIFIER | |
| control field | FISKH |
| 005 - DATE AND TIME OF LATEST TRANSACTION | |
| control field | 20251210092524.0 |
| 008 - FIXED-LENGTH DATA ELEMENTS--GENERAL INFORMATION | |
| fixed length control field | 251210b cb ||||| |||| 00| 0 eng d |
| 020 ## - INTERNATIONAL STANDARD BOOK NUMBER | |
| International Standard Book Number | 9780194793612 |
| 040 ## - CATALOGING SOURCE | |
| Original cataloging agency | FISKH |
| Language of cataloging | eng |
| Transcribing agency | FISKH |
| Modifying agency | FISKH |
| 050 ## - LIBRARY OF CONGRESS CALL NUMBER | |
| Classification number | PE1126.A4 B37693 |
| 082 ## - DEWEY DECIMAL CLASSIFICATION NUMBER | |
| Classification number | 428.6 |
| 100 ## - MAIN ENTRY--PERSONAL NAME | |
| Personal name | Bassett , Jennifer |
| 245 ## - TITLE STATEMENT | |
| Title | Songs from the Seoul : |
| Remainder of title | stories from around the world / |
| Statement of responsibility, etc. | Retold By Jennifer Bassett |
| 260 ## - PUBLICATION, DISTRIBUTION, ETC. | |
| Place of publication, distribution, etc. | Oxford : |
| Name of publisher, distributor, etc. | Oxford University Press , |
| Date of publication, distribution, etc. | 2011 . |
| 300 ## - PHYSICAL DESCRIPTION | |
| Extent | 55 pages : |
| Other physical details | illustrations ; |
| Dimensions | 20 cm. |
| 490 ## - SERIES STATEMENT | |
| Series statement | Oxford bookworms library |
| 520 ## - SUMMARY, ETC. | |
| Summary, etc. | Good luck in Malaysia, bad news in New Zealand, a chicken and a jug of cider in Britain, a goat and a pumpkin in India, fun and games in a cyber cafe in Nigeria ... The countries change, but people's lives are always strange and wonderful in any place.Bookworms World Stories collect stories written in English from around the world. These stories are by Shahana Chaudhury, Mary McCluskey, Nandita Ray, Suchitra Karthik Kumar, Susan Costello, Anthony C. Diala, Preeta Krishna, and Folakemi Emem-Akpan. |
| 650 ## - SUBJECT ADDED ENTRY--TOPICAL TERM | |
| Topical term or geographic name entry element | Adventure |
| Form subdivision | Non-fiction |
| 650 ## - SUBJECT ADDED ENTRY--TOPICAL TERM | |
| Topical term or geographic name entry element | Drama |
| Form subdivision | Non-fiction |
| 700 ## - ADDED ENTRY--PERSONAL NAME | |
| Personal name | Hedge, Tricia |
| Relator term | Founder Editor |
| 942 ## - ADDED ENTRY ELEMENTS (KOHA) | |
| Source of classification or shelving scheme | Dewey Decimal Classification |
| Koha item type | Books |
| Suppress in OPAC | No |
| Withdrawn status | Lost status | Source of classification or shelving scheme | Damaged status | Not for loan | Collection | Home library | Current library | Shelving location | Date acquired | Total Checkouts | Full call number | Barcode | Date last seen | Price effective from | Koha item type |
|---|---|---|---|---|---|---|---|---|---|---|---|---|---|---|---|
| Dewey Decimal Classification | Non-Fiction | Footprints International School Library Network Toul Tom Poung Campus | Footprints International School Library Network Toul Tom Poung Campus | TTP Secondary Non-Fiction Bookshelves | 12/10/2025 | BAS 428.6 PE1126.A4 B37693 | FIS00288 | 12/10/2025 | 12/10/2025 | Books |
